[Event "Niederbayernliga 0203"]
[Site "Germany"]
[Date "2003.??.??"]
[Round "6.5"]
[White "Peter, Rudolf"]
[Black "Hacker, Alfons"]
[Result "1/2-1/2"]
[WhiteElo "1766"]
[BlackElo "1810"]
[PlyCount "63"]
[EventDate "2002.??.??"]
[EventType "team-tourn"]
[EventRounds "9"]
[EventCountry "GER"]
[SourceTitle "EXT 2008"]
[Source "ChessBase"]
[SourceDate "2007.11.25"]
[SourceVersion "1"]
[SourceVersionDate "2007.11.25"]
[SourceQuality "1"]
[WhiteTeam "Ergolding"]
[BlackTeam "Deggendorf"]
[WhiteTeamCountry "GER"]
[BlackTeamCountry "GER"]

1. e4 c5 2. Nf3 d6 3. d4 cxd4 4. Nxd4 Nf6 5. Nc3 a6 6. Bd3 Nbd7 7. Nb3 e6 8. Be3 Qc7 9. 0-0 b5 10. a3 Bb7 11. f3 Be7 12. Qd2 0-0 13. Kh1 Rac8 14. Ne2 d5 15. exd5 Nxd5 16. Bf2 Nc5 17. Nxc5 Bxc5 18. Bxc5 Qxc5 19. Rac1 Rfd8 20. Qg5 Ne3 21. Qxc5 Rxc5 22. Rfe1 Nd5 23. Be4 Rc7 24. Kg1 Nb6 25. Red1 Rxd1+ 26. Rxd1 Kf8 27. Bd3 Na4 28. Rb1 Nc5 29. Nc3 Nxd3 30. cxd3 Rd7 31. Rd1 Ke7 32. Kf2 1/2-1/2

[Event "Niederbayernliga 0203"]
[Site "Germany"]
[Date "2003.??.??"]
[Round "8.7"]
[White "Peter, Rudolf"]
[Black "Haselbeck, Robert"]
[Result "1-0"]
[WhiteElo "1766"]
[BlackElo "1521"]
[PlyCount "67"]
[EventDate "2002.??.??"]
[EventType "team-tourn"]
[EventRounds "9"]
[EventCountry "GER"]
[SourceTitle "EXT 2008"]
[Source "ChessBase"]
[SourceDate "2007.11.25"]
[SourceVersion "1"]
[SourceVersionDate "2007.11.25"]
[SourceQuality "1"]
[WhiteTeam "Ergolding"]
[BlackTeam "Deggendorf II"]
[WhiteTeamCountry "GER"]
[BlackTeamCountry "GER"]

1. e4 c6 2. d4 d5 3. exd5 cxd5 4. Bd3 e6 5. Nf3 Nc6 6. c3 Nf6 7. 0-0 Bd6 8. Bg5 Qb6 9. Qc2 Bd7 10. Nbd2 h6 11. Bh4 Ne7 12. Rfe1 g5 13. Bg3 Bf4 14. Ne5 h5 15. Ndf3 h4 16. Bxf4 gxf4 17. Ng5 0-0-0 18. Ngxf7 Rhg8 19. Nxd8 Qxd8 20. h3 f3 21. Nxf3 e5 22. Rxe5 Bxh3 23. Rg5 Bxg2 24. Rxg2 h3 25. Bf5+ Kb8 26. Bxh3 Ne4 27. Rxg8 Qxg8+ 28. Bg2 Ng6 29. Qc1 Qf7 30. Qe3 Nf4 31. Ne1 Qf6 32. Bxe4 dxe4 33. Ng2 Qg5 34. Qxf4+ 1-0

[Event "Niederbayernliga 0203"]
[Site "Germany"]
[Date "2003.??.??"]
[Round "9.8"]
[White "Peter, Rudolf"]
[Black "Koenig, Karl"]
[Result "1-0"]
[WhiteElo "1766"]
[BlackElo "1661"]
[PlyCount "81"]
[EventDate "2002.??.??"]
[EventType "team-tourn"]
[EventRounds "9"]
[EventCountry "GER"]
[SourceTitle "EXT 2008"]
[Source "ChessBase"]
[SourceDate "2007.11.25"]
[SourceVersion "1"]
[SourceVersionDate "2007.11.25"]
[SourceQuality "1"]
[WhiteTeam "Ergolding"]
[BlackTeam "Landshut II"]
[WhiteTeamCountry "GER"]
[BlackTeamCountry "GER"]

1. e4 c5 2. Nf3 d6 3. d4 cxd4 4. Nxd4 Nf6 5. Nc3 e6 6. g3 Nc6 7. Bg2 Bd7 8. Ndb5 Qb8 9. a4 a6 10. Na3 Be7 11. Nc4 Qc7 12. Be3 0-0 13. Bb6 Qb8 14. 0-0 Ne5 15. Nxe5 dxe5 16. a5 Bc6 17. f4 Nd7 18. Be3 Bc5 19. Bxc5 Nxc5 20. f5 exf5 21. Rxf5 g6 22. Rf6 Ne6 23. Nd5 Qd8 24. Rf2 Bxd5 25. exd5 Ng7 26. Qe1 Qd6 27. Rc1 f5 28. c4 e4 29. Qe3 Rac8 30. Rd2 Qb4 31. Qc3 Qc5+ 32. Rd4 Qe7 33. c5 Rfd8 34. b4 Qf6 35. Rcd1 Rxd5 36. Qc4 Rcd8 37. Rxd5 Rxd5 38. Qxd5+ Kf8 39. Qxb7 Ne6 40. Rd6 Qa1+ 41. Bf1 1-0

[Event "Niederbayernliga 0203"]
[Site "Germany"]
[Date "2002.??.??"]
[Round "2.7"]
[White "Benicke, Bernd"]
[Black "Peter, Rudolf"]
[Result "1-0"]
[WhiteElo "1846"]
[BlackElo "1766"]
[PlyCount "95"]
[EventDate "2002.??.??"]
[EventType "team-tourn"]
[EventRounds "9"]
[EventCountry "GER"]
[SourceTitle "EXT 2008"]
[Source "ChessBase"]
[SourceDate "2007.11.25"]
[SourceVersion "1"]
[SourceVersionDate "2007.11.25"]
[SourceQuality "1"]
[WhiteTeam "Bayerwald"]
[BlackTeam "Ergolding"]
[WhiteTeamCountry "GER"]
[BlackTeamCountry "GER"]

1. e4 c5 2. c3 e6 3. d4 cxd4 4. cxd4 d5 5. exd5 exd5 6. Nc3 Nc6 7. Bb5 Nge7 8. Bg5 Be6 9. Nf3 Qc7 10. Qe2 a6 11. Ba4 Qd6 12. Rc1 h6 13. Be3 Ng6 14. a3 Be7 15. 0-0 0-0 16. Bxc6 bxc6 17. Na4 Rfc8 18. Nb6 Rcb8 19. Nxa8 Rxa8 20. Qc2 Bd7 21. Nd2 f5 22. f4 Re8 23. Rce1 Nf8 24. Nb3 Ne6 25. Nc5 Nxc5 26. dxc5 Qf6 27. Qd2 Rb8 28. Bd4 Qf8 29. b4 Bd8 30. Re3 Ra8 31. Qc3 Kh7 32. Rfe1 Qf7 33. Rg3 g6 34. Rge3 Qf8 35. Be5 Qf7 36. Bd6 Bf6 37. Re7 Bxc3 38. Rxf7+ Kg8 39. Ree7 Be8 40. Rh7 Bf6 41. Ra7 Rd8 42. Kf1 Bb2 43. Be5 Bxe5 44. fxe5 h5 45. Ke2 d4 46. Rag7+ Kf8 47. e6 d3+ 48. Kd2 1-0